[Event "BCF-chT1a 0809 (4NCL)"]
[Site "England"]
[Date "2008.12.07"]
[Round "4.7"]
[White "Mitchem, Nicholas"]
[Black "Berry, Neil"]
[Result "0-1"]
[WhiteElo "1971"]
[BlackElo "2323"]
[PlyCount "44"]
[EventDate "2008.10.04"]
[EventType "team-tourn"]
[EventRounds "7"]
[EventCountry "ENG"]
[SourceTitle "CBM 127 Extra"]
[Source "ChessBase"]
[SourceDate "2009.01.08"]
[SourceVersion "2"]
[SourceVersionDate "2009.01.28"]
[SourceQuality "1"]
[WhiteTeam "Richmond"]
[BlackTeam "Barbican"]
[WhiteTeamCountry "ENG"]
[BlackTeamCountry "ENG"]

1. e4 d6 2. d4 Nf6 3. Nc3 e5 4. dxe5 dxe5 5. Qxd8+ Kxd8 6. Bg5 Be6 7. 0-0-0+ Nbd7 8. f4 exf4 9. Nge2 Be7 10. Nxf4 Ng4 11. Nxe6+ fxe6 12. Bxe7+ Kxe7 13. Rd2 Rhf8 14. Nd1 Nc5 15. Bd3 Rad8 16. b4 Nd7 17. h3 Nge5 18. Kb2 c5 19. bxc5 Nxc5 20. Kc3 Rd6 21. Nb2 Rc8 22. Kb4 Nxe4 0-1

[Event "GBR-ch Major op 95th"]
[Site "Liverpool"]
[Date "2008.07.30"]
[Round "3"]
[White "Mitchem, Nicholas"]
[Black "Lunn, Matthew"]
[Result "1/2-1/2"]
[WhiteElo "2015"]
[BlackElo "1859"]
[PlyCount "41"]
[EventDate "2008.07.28"]
[EventType "swiss"]
[EventRounds "11"]
[EventCountry "ENG"]
[SourceTitle "CBM 125 Extra"]
[Source "ChessBase"]
[SourceDate "2008.09.01"]
[SourceVersion "1"]
[SourceVersionDate "2008.09.01"]
[SourceQuality "1"]

1. e4 c6 2. d4 d5 3. e5 c5 4. dxc5 e6 5. Bb5+ Bd7 6. Bxd7+ Nxd7 7. Nf3 Bxc5 8. 0-0 Ne7 9. Nc3 a6 10. Bf4 0-0 11. Bg3 Rc8 12. Qd3 Nc6 13. a3 b5 14. Rae1 Be7 15. h4 b4 16. axb4 Nxb4 17. Qd2 Nb6 18. b3 Qc7 19. Re3 Bc5 20. Re2 Be7 21. Re3 1/2-1/2

[Event "BCF-chT2 0607 (4NCL)"]
[Site "Sunningdale"]
[Date "2007.03.03"]
[Round "7.8"]
[White "Mitchem, Nicholas"]
[Black "Regan, Natasha"]
[Result "0-1"]
[WhiteElo "2171"]
[BlackElo "2048"]
[PlyCount "54"]
[EventDate "2006.09.16"]
[EventType "team-tourn"]
[EventRounds "11"]
[EventCountry "ENG"]
[SourceTitle "EXT 2008"]
[Source "ChessBase"]
[SourceDate "2007.11.25"]
[SourceVersion "1"]
[SourceVersionDate "2007.11.25"]
[SourceQuality "1"]
[WhiteTeam "Richmond"]
[BlackTeam "Barbican II"]
[WhiteTeamCountry "ENG"]
[BlackTeamCountry "ENG"]

1. e4 Nf6 2. Nc3 d5 3. e5 Ne4 4. Nce2 d4 5. d3 Nc5 6. f4 Nc6 7. h3 f6 8. Nf3 Be6 9. exf6 exf6 10. a3 a5 11. Ng3 Qe7 12. Be2 g6 13. 0-0 a4 14. Bd2 Qd7 15. f5 gxf5 16. Nh4 Ne7 17. Bh5+ Kd8 18. Bb4 Rg8 19. Bxc5 Rxg3 20. Rf4 Nd5 21. Bxf8 Nxf4 22. Kh2 Rg8 23. Bh6 Qd6 24. Kh1 Nxh3 25. gxh3 Qg3 26. Qf3 Qxh4 27. Bf4 c6 0-1

[Event "BCF-chT2 0506 (4NCL)"]
[Site "Birmingham"]
[Date "2006.03.05"]
[Round "8.7"]
[White "Curtis, John E"]
[Black "Mitchem, Nicholas"]
[Result "1/2-1/2"]
[WhiteElo "2126"]
[BlackElo "2060"]
[PlyCount "71"]
[EventDate "2005.10.22"]
[EventType "team-tourn"]
[EventRounds "11"]
[EventCountry "ENG"]
[SourceTitle "EXT 2007"]
[Source "ChessBase"]
[SourceDate "2006.11.23"]
[SourceVersion "1"]
[SourceVersionDate "2006.11.23"]
[SourceQuality "1"]
[WhiteTeam "Bristol"]
[BlackTeam "Richmond"]
[WhiteTeamCountry "ENG"]
[BlackTeamCountry "ENG"]

1. d4 Nf6 2. Nf3 d5 3. e3 Bg4 4. c4 Bxf3 5. Qxf3 c6 6. Nc3 e6 7. Bd3 Nbd7 8. 0-0 Be7 9. Rd1 0-0 10. e4 dxe4 11. Nxe4 Nxe4 12. Qxe4 Nf6 13. Qf3 Qa5 14. Bd2 Qh5 15. Qxh5 Nxh5 16. Be2 Nf6 17. Bf3 Rfd8 18. Be3 h6 19. Rd2 Rd7 20. Rad1 Rad8 21. a3 Nh7 22. g3 Bg5 23. Kf1 Bxe3 24. fxe3 Nf6 25. Ke2 Kf8 26. b4 a6 27. a4 Ke7 28. Rd3 Ne8 29. c5 Nc7 30. e4 f5 31. R1d2 fxe4 32. Bxe4 Nd5 33. Bxd5 Rxd5 34. Ke3 e5 35. dxe5 Rxe5+ 36. Kf3 1/2-1/2

[Event "BCF-chT 0405 (4NCL)"]
[Site "West Bromwich"]
[Date "2005.05.02"]
[Round "11.7"]
[White "Mitchem, Nicholas"]
[Black "Cherniaev, Alexander"]
[Result "1/2-1/2"]
[WhiteElo "2060"]
[BlackElo "2469"]
[PlyCount "63"]
[EventDate "2004.09.18"]
[EventType "team-tourn"]
[EventRounds "11"]
[EventCountry "ENG"]
[SourceTitle "EXT 2006"]
[Source "ChessBase"]
[SourceDate "2005.11.24"]
[SourceVersion "1"]
[SourceVersionDate "2005.11.24"]
[SourceQuality "1"]
[WhiteTeam "Richmond"]
[BlackTeam "Guildford II"]
[WhiteTeamCountry "ENG"]
[BlackTeamCountry "ENG"]

1. d4 f5 2. e4 fxe4 3. Nc3 Nf6 4. Bg5 Nc6 5. d5 Ne5 6. Qd4 Nf7 7. h4 e5 8. dxe6 dxe6 9. Qxd8+ Nxd8 10. Bxf6 gxf6 11. Nxe4 Be7 12. Nf3 Nc6 13. c3 Bd7 14. Bc4 Na5 15. Bd3 c5 16. Ned2 0-0-0 17. 0-0-0 e5 18. Nc4 Nxc4 19. Bxc4 Bg4 20. Rxd8+ Rxd8 21. Nd2 Bf8 22. f3 Bf5 23. g4 Bg6 24. h5 Bd3 25. Bxd3 Rxd3 26. Kc2 Re3 27. Rf1 Be7 28. Nc4 Re2+ 29. Kd3 Rh2 30. a4 Kd7 31. b3 Bd8 32. Rd1 1/2-1/2

[Event "BCF-chT 0405 (4NCL)"]
[Site "West Bromwich"]
[Date "2005.05.01"]
[Round "10.7"]
[White "Walton, Alan J"]
[Black "Mitchem, Nicholas"]
[Result "1/2-1/2"]
[WhiteElo "2178"]
[BlackElo "2060"]
[PlyCount "79"]
[EventDate "2004.09.18"]
[EventType "team-tourn"]
[EventRounds "11"]
[EventCountry "ENG"]
[SourceTitle "EXT 2006"]
[Source "ChessBase"]
[SourceDate "2005.11.24"]
[SourceVersion "1"]
[SourceVersionDate "2005.11.24"]
[SourceQuality "1"]
[WhiteTeam "Numerica 3CS"]
[BlackTeam "Richmond"]
[WhiteTeamCountry "ENG"]
[BlackTeamCountry "ENG"]

1. d4 Nf6 2. Bg5 e6 3. e4 h6 4. Bxf6 Qxf6 5. c3 c5 6. Nf3 cxd4 7. cxd4 Bb4+ 8. Nc3 0-0 9. Bd3 d6 10. 0-0 Bxc3 11. bxc3 e5 12. Rb1 b6 13. Bc4 Bb7 14. Qd3 Nc6 15. Rfd1 Rfd8 16. Bd5 Rac8 17. Ne1 Rc7 18. Nc2 Rdc8 19. Ne3 Ne7 20. Bxb7 Rxb7 21. Rb3 Rbc7 22. h3 Qe6 23. Ra3 g6 24. d5 Qd7 25. Ng4 Kg7 26. Qe3 Ng8 27. f4 h5 28. Nf2 exf4 29. Qxf4 Qe7 30. Qe3 Nf6 31. Rd4 Nd7 32. Rda4 Nc5 33. Qd4+ Kh7 34. Rb4 Qg5 35. Rb1 Re8 36. c4 Qe5 37. Rd1 Qxd4 38. Rxd4 Rce7 39. g4 h4 40. Kg2 1/2-1/2